[Event "Team Championship (men blitz)"]
[Site "Sochi"]
[Date "2017.10.05"]
[Round "3.18"]
[White "Kovalev, Vladislav"]
[Black "Iljin, Timofey"]
[Result "1-0"]
[LiveChessVersion "1.4.8"]
[BlackElo "2373"]
[WhiteElo "2527"]

1. e4 {[%clk 0:03:03]} c5 {[%clk 0:03:04]} 2. Be2 {[%clk 0:03:05]} Nc6 3. d3 g6
{[%clk 0:03:02]} 4. f4 {[%clk 0:03:07]} Bg7 {[%clk 0:03:04]} 5. Nf3
{[%clk 0:03:09]} Nf6 {[%clk 0:02:52]} 6. O-O {[%clk 0:03:09]} O-O
{[%clk 0:02:49]} 7. c3 {[%clk 0:03:08]} e6 {[%clk 0:02:34]} 8. Kh1 b5
{[%clk 0:02:15]} 9. a3 {[%clk 0:02:43]} Bb7 {[%clk 0:02:11]} 10. Be3
{[%clk 0:02:43]} c4 {[%clk 0:01:55]} 11. Nbd2 {[%clk 0:02:11]} cxd3
{[%clk 0:01:46]} 12. Bxd3 {[%clk 0:02:12]} a6 {[%clk 0:01:42]} 13. Qe2
{[%clk 0:02:01]} Qc7 {[%clk 0:01:28]} 14. a4 {[%clk 0:01:22]} bxa4
{[%clk 0:01:25]} 15. Rxa4 {[%clk 0:01:09]} Ng4 {[%clk 0:01:25]} 16. Bc5
{[%clk 0:01:03]} d6 {[%clk 0:01:14]} 17. Bg1 {[%clk 0:01:02]} a5 {[%clk 0:01:11]}
18. Rfa1 {[%clk 0:00:52]} Nf6 {[%clk 0:00:48]} 19. Nd4 {[%clk 0:00:41]} e5
{[%clk 0:00:40]} 20. Nb5 {[%clk 0:00:41]} Qe7 {[%clk 0:00:37]} 21. fxe5
{[%clk 0:00:32]} Nxe5 {[%clk 0:00:37]} 22. Bc2 {[%clk 0:00:29]} d5
{[%clk 0:00:28]} 23. Rxa5 {[%clk 0:00:27]} Rxa5 {[%clk 0:00:25]} 24. Rxa5
{[%clk 0:00:28]} dxe4 {[%clk 0:00:24]} 25. Ra7 {[%clk 0:00:29]} Nc6
{[%clk 0:00:25]} 26. Ra4 {[%clk 0:00:24]} e3 {[%clk 0:00:23]} 27. Qxe3
{[%clk 0:00:22]} Qd7 {[%clk 0:00:20]} 28. Nf3 {[%clk 0:00:18]} Re8
{[%clk 0:00:21]} 29. Qd2 {[%clk 0:00:17]} Qe7 {[%clk 0:00:18]} 30. Nd6
{[%clk 0:00:13]} Rd8 {[%clk 0:00:18]} 31. Bc5 {[%clk 0:00:14]} Qd7
{[%clk 0:00:15]} 32. Ra1 {[%clk 0:00:07]} Ne7 {[%clk 0:00:09]} 33. Nxb7 Qxd2
{[%clk 0:00:07]} 34. Nxd2 {[%clk 0:00:08]} Rc8 {[%clk 0:00:03]} 35. Bxe7
{[%clk 0:00:08]} Ng4 {[%clk 0:00:03]} 36. Ne4 {[%clk 0:00:07]} h6
{[%clk 0:00:03]} 37. Nbd6 {[%clk 0:00:08]} Rb8 {[%clk 0:00:04]} 38. b4
{[%clk 0:00:09]} f5 {[%clk 0:00:04]} 39. Bb3+ {[%clk 0:00:10]} Kh7
{[%clk 0:00:06]} 40. h3 {[%clk 0:00:07]} Ne3 {[%clk 0:00:04]} 41. Nf6+
{[%clk 0:00:07]} Bxf6 {[%clk 0:00:05]} 42. Bxf6 {[%clk 0:00:08]} g5
{[%clk 0:00:05]} 43. Bf7 {[%clk 0:00:07]} g4 {[%clk 0:00:04]} 44. hxg4
{[%clk 0:00:08]} Nxg4 {[%clk 0:00:05]} 45. Bd4 {[%clk 0:00:07]} Rd8
{[%clk 0:00:05]} 46. Ra7 {[%clk 0:00:08]} Rxd6 {[%clk 0:00:04]} 47. Bh5+
{[%clk 0:00:08]} Kg8 {[%clk 0:00:05]} 48. Bxg4 {[%clk 0:00:09]} fxg4
{[%clk 0:00:06]} 49. Rg7+ {[%clk 0:00:10]} Kf8 {[%clk 0:00:08]} 50. Rxg4 Re6 51.
Rf4+ {[%clk 0:00:12]} Ke7 {[%clk 0:00:10]} 52. Kh2 {[%clk 0:00:14]} Re2
{[%clk 0:00:11]} 53. Rh4 {[%clk 0:00:15]} Re6 {[%clk 0:00:13]} 54. b5
{[%clk 0:00:16]} Kd7 {[%clk 0:00:14]} 55. b6 {[%clk 0:00:17]} Kc6
{[%clk 0:00:16]} 56. Rh5 {[%clk 0:00:17]} Rg6 {[%clk 0:00:17]} 57. Kh3
{[%clk 0:00:18]} Re6 {[%clk 0:00:18]} 58. g4 {[%clk 0:00:19]} Rg6
{[%clk 0:00:19]} 59. Kh4 Re6 60. Rf5 {[%clk 0:00:21]} Re2 {[%clk 0:00:21]} 61.
Rf6+ {[%clk 0:00:22]} Kb7 {[%clk 0:00:22]} 62. Rxh6 {[%clk 0:00:22]} Re8
{[%clk 0:00:23]} 63. Rh7+ {[%clk 0:00:22]} Kc6 {[%clk 0:00:25]} 64. Rc7+
{[%clk 0:00:22]} Kd6 {[%clk 0:00:26]} 65. c4 {[%clk 0:00:21]} Rg8
{[%clk 0:00:27]} 66. c5+ Kd5 67. Bf6 {[%clk 0:00:19]} Ke6 {[%clk 0:00:29]} 68.
Bg7 {[%clk 0:00:19]} Rd8 {[%clk 0:00:31]} 69. b7 {[%clk 0:00:19]} Rb8
{[%clk 0:00:32]} 70. c6 {[%clk 0:00:20]} Kd6 {[%clk 0:00:33]} 71. Rc8
{[%clk 0:00:20]} Ke6 {[%clk 0:00:32]} 72. Rxb8 {[%clk 0:00:20]} Kf7
{[%clk 0:00:34]} 73. Rd8 {[%clk 0:00:20]} Kg6 {[%clk 0:00:35]} 74. Rf8
{[%clk 0:00:19]} Kh7 {[%clk 0:00:37]} 75. Rf5 Kg6 76. b8=Q Kh7 77. Qh8+
{[%clk 0:00:18]} Kg6 {[%clk 0:00:42]} 78. Qh6# {[%clk 0:00:18]} 1-0

[Event "Team Championship (men blitz)"]
[Site "Sochi"]
[Date "2017.10.05"]
[Round "3.19"]
[White "Papenin, Nikolai"]
[Black "Predke, Alexandr"]
[Result "0-1"]
[LiveChessVersion "1.4.8"]
[BlackElo "2528"]
[WhiteElo "2334"]

1. d4 {[%clk 0:03:03]} Nf6 {[%clk 0:03:03]} 2. c4 {[%clk 0:03:05]} e6
{[%clk 0:03:03]} 3. Nc3 {[%clk 0:03:06]} Bb4 {[%clk 0:03:05]} 4. g3
{[%clk 0:03:07]} d5 {[%clk 0:03:05]} 5. Bg2 {[%clk 0:03:07]} O-O {[%clk 0:03:05]}
6. Nf3 {[%clk 0:03:09]} dxc4 {[%clk 0:03:06]} 7. O-O {[%clk 0:03:09]} Nc6
{[%clk 0:03:07]} 8. Bg5 {[%clk 0:03:04]} h6 {[%clk 0:02:58]} 9. Bxf6
{[%clk 0:03:05]} Qxf6 {[%clk 0:02:59]} 10. e3 {[%clk 0:03:05]} Rb8
{[%clk 0:02:58]} 11. Nd2 {[%clk 0:03:02]} Na5 {[%clk 0:02:57]} 12. a4
{[%clk 0:02:23]} c5 {[%clk 0:02:45]} 13. Nce4 {[%clk 0:02:11]} Qe7
{[%clk 0:02:46]} 14. Nxc5 {[%clk 0:01:58]} Bxc5 {[%clk 0:02:47]} 15. dxc5
{[%clk 0:01:59]} Qxc5 {[%clk 0:02:44]} 16. Rc1 {[%clk 0:01:55]} Rd8
{[%clk 0:02:38]} 17. Qc2 {[%clk 0:01:53]} b6 {[%clk 0:02:39]} 18. Nxc4
{[%clk 0:01:50]} Nxc4 {[%clk 0:02:39]} 19. Qxc4 {[%clk 0:01:48]} Qxc4
{[%clk 0:02:40]} 20. Rxc4 {[%clk 0:01:48]} Ba6 {[%clk 0:02:41]} 21. Rc7
{[%clk 0:01:45]} Bxf1 {[%clk 0:02:42]} 22. Bxf1 {[%clk 0:01:33]} a5
{[%clk 0:02:41]} 23. b3 {[%clk 0:01:27]} Rbc8 {[%clk 0:02:41]} 24. Rb7
{[%clk 0:01:26]} Rd6 {[%clk 0:02:39]} 25. Bc4 {[%clk 0:01:25]} g6
{[%clk 0:02:32]} 26. h4 {[%clk 0:01:24]} h5 {[%clk 0:02:33]} 27. Kg2
{[%clk 0:01:24]} Kg7 {[%clk 0:02:34]} 28. Kf3 {[%clk 0:01:15]} Rc5
{[%clk 0:02:34]} 29. Kg2 {[%clk 0:01:15]} Rf5 {[%clk 0:02:33]} 30. f4
{[%clk 0:01:16]} Rc5 {[%clk 0:02:29]} 31. e4 {[%clk 0:01:01]} Rcc6
{[%clk 0:02:23]} 32. f5 {[%clk 0:00:52]} Kf6 {[%clk 0:02:08]} 33. fxe6
{[%clk 0:00:43]} fxe6 {[%clk 0:02:09]} 34. Kf3 {[%clk 0:00:37]} Ke5
{[%clk 0:02:03]} 35. Rg7 {[%clk 0:00:33]} Kf6 {[%clk 0:01:48]} 36. Rb7
{[%clk 0:00:31]} Rc5 {[%clk 0:01:35]} 37. Kf4 {[%clk 0:00:28]} g5+
{[%clk 0:01:36]} 38. hxg5+ {[%clk 0:00:21]} Rxg5 {[%clk 0:01:37]} 39. Rf7+
{[%clk 0:00:08]} Kxf7 {[%clk 0:01:38]} 40. Kxg5 {[%clk 0:00:09]} Rd4
{[%clk 0:01:39]} 41. Kf4 {[%clk 0:00:05]} Kf6 {[%clk 0:01:39]} 42. Be2
{[%clk 0:00:05]} e5+ {[%clk 0:01:35]} 43. Ke3 {[%clk 0:00:05]} Kg5
{[%clk 0:01:36]} 44. Bf3 {[%clk 0:00:03]} Rd8 {[%clk 0:01:20]} 45. Be2
{[%clk 0:00:04]} Kh6 {[%clk 0:01:16]} 46. Bf3 {[%clk 0:00:06]} Rg8
{[%clk 0:01:16]} 47. Kf2 {[%clk 0:00:06]} Rc8 {[%clk 0:01:17]} 48. Bd1
{[%clk 0:00:06]} Rc3 {[%clk 0:01:18]} 49. Kg2 {[%clk 0:00:06]} Re3
{[%clk 0:01:17]} 0-1

[Event "Team Championship (men blitz)"]
[Site "Sochi"]
[Date "2017.10.05"]
[Round "3.20"]
[White "Yuffa, Daniil"]
[Black "Derjabin, Ilja"]
[Result "1-0"]
[LiveChessVersion "1.4.8"]
[BlackElo "2388"]
[WhiteElo "2542"]

1. d4 {[%clk 0:03:02]} Nf6 {[%clk 0:03:03]} 2. c4 {[%clk 0:03:03]} d6
{[%clk 0:03:03]} 3. Nf3 {[%clk 0:03:00]} Bf5 {[%clk 0:03:04]} 4. g3
{[%clk 0:02:57]} c6 {[%clk 0:03:04]} 5. Bg2 {[%clk 0:02:58]} h6 {[%clk 0:03:04]}
6. O-O {[%clk 0:02:58]} Nbd7 {[%clk 0:03:05]} 7. Nc3 {[%clk 0:02:59]} Bh7
{[%clk 0:02:57]} 8. d5 {[%clk 0:02:58]} c5 {[%clk 0:02:49]} 9. Re1
{[%clk 0:02:59]} g5 {[%clk 0:02:49]} 10. e4 {[%clk 0:02:46]} Bg7 {[%clk 0:02:50]}
11. e5 {[%clk 0:02:31]} dxe5 {[%clk 0:02:46]} 12. Nxe5 {[%clk 0:02:32]} Nxe5
{[%clk 0:02:43]} 13. Rxe5 {[%clk 0:02:32]} O-O {[%clk 0:02:42]} 14. Re1
{[%clk 0:02:32]} Rc8 {[%clk 0:02:14]} 15. Be3 {[%clk 0:02:28]} b6
{[%clk 0:02:15]} 16. a4 {[%clk 0:02:27]} Ne8 17. Bh3 {[%clk 0:02:18]} Nd6
{[%clk 0:02:05]} 18. Bxc8 {[%clk 0:02:18]} Qxc8 {[%clk 0:02:06]} 19. Qe2
{[%clk 0:02:10]} Qh3 {[%clk 0:02:05]} 20. f3 {[%clk 0:02:05]} Nf5
{[%clk 0:01:58]} 21. Qg2 {[%clk 0:02:04]} Qxg2+ {[%clk 0:01:50]} 22. Kxg2
{[%clk 0:02:05]} Nd6 {[%clk 0:01:52]} 23. Bf2 {[%clk 0:01:38]} Bf6
{[%clk 0:01:43]} 24. Ne4 {[%clk 0:01:11]} Bxe4 {[%clk 0:01:39]} 25. fxe4
{[%clk 0:01:11]} Nxc4 {[%clk 0:01:40]} 26. Ra2 {[%clk 0:01:06]} Be5
{[%clk 0:01:34]} 27. a5 {[%clk 0:01:00]} Nxb2 {[%clk 0:01:20]} 28. axb6
{[%clk 0:00:49]} axb6 {[%clk 0:01:22]} 29. Rb1 {[%clk 0:00:46]} Nc4
{[%clk 0:01:14]} 30. Ra4 {[%clk 0:00:46]} Nd6 {[%clk 0:01:05]} 31. Rxb6
{[%clk 0:00:43]} c4 {[%clk 0:01:07]} 32. Kf3 {[%clk 0:00:27]} Rc8
{[%clk 0:00:58]} 33. Rc6 {[%clk 0:00:28]} Rb8 {[%clk 0:00:59]} 34. Rb6
{[%clk 0:00:29]} Rc8 {[%clk 0:00:58]} 35. Rba6 {[%clk 0:00:25]} Kg7
{[%clk 0:00:55]} 36. Ra8 {[%clk 0:00:26]} Rc7 {[%clk 0:00:53]} 37. R4a7
{[%clk 0:00:26]} g4+ {[%clk 0:00:29]} 38. Kxg4 {[%clk 0:00:23]} Rxa7
{[%clk 0:00:30]} 39. Rxa7 Nxe4 {[%clk 0:00:31]} 40. Be3 {[%clk 0:00:15]} Bd6
{[%clk 0:00:31]} 41. Kf3 {[%clk 0:00:14]} f5 {[%clk 0:00:28]} 42. Bd4+
{[%clk 0:00:14]} Kg6 {[%clk 0:00:29]} 43. Ra4 {[%clk 0:00:13]} c3
{[%clk 0:00:29]} 44. Ra8 {[%clk 0:00:12]} Bc5 {[%clk 0:00:23]} 45. Bxc5
{[%clk 0:00:10]} Nxc5 {[%clk 0:00:23]} 46. Ke3 {[%clk 0:00:10]} Ne4
{[%clk 0:00:24]} 47. Rc8 {[%clk 0:00:07]} h5 {[%clk 0:00:20]} 48. Kf4
{[%clk 0:00:07]} Nf6 {[%clk 0:00:16]} 49. Rc6 {[%clk 0:00:06]} Kf7
{[%clk 0:00:17]} 50. Kxf5 {[%clk 0:00:06]} Nxd5 {[%clk 0:00:18]} 51. Ke4
{[%clk 0:00:07]} e6 {[%clk 0:00:18]} 52. Kd4 {[%clk 0:00:06]} Kf6
{[%clk 0:00:19]} 53. Ke4 {[%clk 0:00:04]} Kf7 {[%clk 0:00:16]} 54. h3
{[%clk 0:00:07]} Kf6 {[%clk 0:00:17]} 55. Rc8 {[%clk 0:00:08]} Kf7
{[%clk 0:00:13]} 56. Ke5 {[%clk 0:00:09]} Ke7 {[%clk 0:00:09]} 57. Rc4
{[%clk 0:00:09]} Kf7 {[%clk 0:00:09]} 58. Rc6 {[%clk 0:00:09]} Ne7 59. Rxc3
{[%clk 0:00:10]} Nd5 {[%clk 0:00:04]} 60. Rc6 {[%clk 0:00:10]} Ne3
{[%clk 0:00:03]} 61. Rc7+ {[%clk 0:00:11]} Kg6 {[%clk 0:00:04]} 62. Kxe6
{[%clk 0:00:10]} Nf5 {[%clk 0:00:06]} 63. Rc3 {[%clk 0:00:10]} h4
{[%clk 0:00:07]} 64. g4 {[%clk 0:00:11]} Ng3 {[%clk 0:00:08]} 65. Ke5
{[%clk 0:00:12]} Kg5 {[%clk 0:00:09]} 66. Rf3 {[%clk 0:00:10]} Ne2
{[%clk 0:00:10]} 67. Rf5+ {[%clk 0:00:10]} Kg6 {[%clk 0:00:12]} 68. Rh5
{[%clk 0:00:08]} Ng1 69. Ke4 {[%clk 0:00:05]} Nxh3 {[%clk 0:00:14]} 70. Rxh4 Ng5+
{[%clk 0:00:15]} 71. Kf4 {[%clk 0:00:07]} Ne6+ {[%clk 0:00:16]} 72. Kg3
{[%clk 0:00:08]} Kg5 {[%clk 0:00:18]} 73. Rh1 {[%clk 0:00:09]} Nf4
{[%clk 0:00:19]} 74. Re1 {[%clk 0:00:10]} Nd3 {[%clk 0:00:19]} 75. Re3
{[%clk 0:00:10]} Nb4 {[%clk 0:00:21]} 76. Re5+ {[%clk 0:00:10]} Kf6
{[%clk 0:00:22]} 77. Rb5 {[%clk 0:00:11]} Nd3 {[%clk 0:00:23]} 78. g5+
{[%clk 0:00:11]} Kg7 {[%clk 0:00:31]} 79. g6 {[%clk 0:00:13]} 1-0

[Event "Team Championship (men blitz)"]
[Site "Sochi"]
[Date "2017.10.05"]
[Round "3.21"]
[White "Triapishko, Alexandr"]
[Black "Sarana, Alexey"]
[Result "1-0"]
[LiveChessVersion "1.4.8"]
[BlackElo "2574"]
[WhiteElo "2396"]

1. e4 {[%clk 0:03:03]} c5 {[%clk 0:03:04]} 2. Nf3 {[%clk 0:03:04]} d6
{[%clk 0:03:05]} 3. d4 {[%clk 0:03:05]} cxd4 {[%clk 0:03:07]} 4. Nxd4
{[%clk 0:03:07]} Nf6 {[%clk 0:03:08]} 5. Nc3 {[%clk 0:03:08]} a6 {[%clk 0:03:09]}
6. Be3 {[%clk 0:03:09]} e5 {[%clk 0:03:11]} 7. Nde2 {[%clk 0:03:10]} Be6
{[%clk 0:03:09]} 8. Ng3 {[%clk 0:03:10]} d5 {[%clk 0:03:04]} 9. exd5
{[%clk 0:03:09]} Nxd5 {[%clk 0:03:05]} 10. Nxd5 {[%clk 0:03:04]} Qxd5
{[%clk 0:03:06]} 11. Qxd5 {[%clk 0:03:03]} Bxd5 {[%clk 0:03:07]} 12. O-O-O
{[%clk 0:02:51]} Bc6 {[%clk 0:03:08]} 13. Nf5 {[%clk 0:02:38]} Nd7
{[%clk 0:03:08]} 14. Nd6+ {[%clk 0:02:31]} Bxd6 {[%clk 0:03:09]} 15. Rxd6
{[%clk 0:02:32]} Ke7 {[%clk 0:03:10]} 16. Rd2 {[%clk 0:02:31]} Rac8
{[%clk 0:03:09]} 17. f3 {[%clk 0:02:29]} Rhd8 {[%clk 0:02:55]} 18. b3
{[%clk 0:02:20]} Nf6 {[%clk 0:02:49]} 19. Bc5+ {[%clk 0:02:05]} Ke6
{[%clk 0:02:50]} 20. Rxd8 {[%clk 0:01:58]} Rxd8 {[%clk 0:02:51]} 21. Bc4+
{[%clk 0:01:53]} Bd5 {[%clk 0:02:39]} 22. Be2 {[%clk 0:01:54]} Rc8
{[%clk 0:02:31]} 23. Be3 {[%clk 0:01:54]} Bc6 {[%clk 0:02:32]} 24. c4
{[%clk 0:01:50]} Nd7 {[%clk 0:02:14]} 25. Kb2 {[%clk 0:01:39]} f5
{[%clk 0:02:15]} 26. Rd1 {[%clk 0:01:35]} f4 {[%clk 0:02:14]} 27. Bf2
{[%clk 0:01:16]} Nf6 {[%clk 0:02:13]} 28. c5 {[%clk 0:01:01]} Bd5
{[%clk 0:02:10]} 29. b4 {[%clk 0:01:00]} g5 {[%clk 0:02:09]} 30. a4
{[%clk 0:01:00]} g4 {[%clk 0:02:05]} 31. fxg4 {[%clk 0:01:00]} Rg8
{[%clk 0:01:44]} 32. h3 {[%clk 0:00:49]} Bxg2 {[%clk 0:01:41]} 33. Rd6+
{[%clk 0:00:50]} Ke7 {[%clk 0:01:43]} 34. Bh4 {[%clk 0:00:43]} Rg6
{[%clk 0:01:37]} 35. Bc4 {[%clk 0:00:44]} f3 {[%clk 0:01:20]} 36. Re6+
{[%clk 0:00:43]} Kd7 {[%clk 0:01:22]} 37. Bxf6 {[%clk 0:00:29]} e4
{[%clk 0:00:49]} 38. Rd6+ {[%clk 0:00:29]} Kc7 {[%clk 0:00:48]} 39. b5
{[%clk 0:00:21]} axb5 {[%clk 0:00:43]} 40. axb5 {[%clk 0:00:22]} Rxf6
{[%clk 0:00:31]} 41. b6+ Kc8 42. Rxf6 {[%clk 0:00:18]} e3 {[%clk 0:00:34]} 43.
Kc3 {[%clk 0:00:14]} f2 {[%clk 0:00:36]} 44. Be2 {[%clk 0:00:12]} Bxh3
{[%clk 0:00:36]} 45. Kd3 {[%clk 0:00:14]} 1-0

[Event "Team Championship (men blitz)"]
[Site "Sochi"]
[Date "2017.10.05"]
[Round "3.22"]
[White "Demidov, Mikhail"]
[Black "Chos, Alexey"]
[Result "1-0"]
[LiveChessVersion "1.4.8"]
[BlackElo "2354"]
[WhiteElo "2555"]

1. Nf3 {[%clk 0:03:02]} d6 {[%clk 0:03:02]} 2. d4 {[%clk 0:03:02]} Nf6 3. g3 g6
{[%clk 0:02:58]} 4. b3 {[%clk 0:03:05]} Bg7 {[%clk 0:03:00]} 5. Bb2
{[%clk 0:03:06]} O-O 6. Bg2 Nbd7 {[%clk 0:03:01]} 7. O-O c5 8. c4
{[%clk 0:03:06]} a6 {[%clk 0:02:59]} 9. Nc3 {[%clk 0:03:07]} Rb8 {[%clk 0:02:59]}
10. e4 {[%clk 0:02:59]} cxd4 {[%clk 0:02:55]} 11. Nxd4 {[%clk 0:03:00]} Nc5
{[%clk 0:02:52]} 12. Qd2 {[%clk 0:02:55]} h5 {[%clk 0:02:46]} 13. Rad1
{[%clk 0:02:48]} h4 {[%clk 0:02:45]} 14. gxh4 {[%clk 0:02:49]} Nh5
{[%clk 0:02:45]} 15. Nde2 {[%clk 0:02:29]} Bg4 {[%clk 0:02:37]} 16. f3
{[%clk 0:02:26]} Bd7 {[%clk 0:02:31]} 17. Ng3 {[%clk 0:02:27]} b5
{[%clk 0:02:20]} 18. Nxh5 {[%clk 0:02:24]} gxh5 {[%clk 0:02:21]} 19. cxb5
{[%clk 0:02:22]} Bxb5 {[%clk 0:02:17]} 20. Nxb5 {[%clk 0:02:19]} Bxb2
{[%clk 0:02:17]} 21. Qxb2 {[%clk 0:02:14]} Rxb5 {[%clk 0:02:16]} 22. f4
{[%clk 0:02:10]} Ne6 {[%clk 0:02:13]} 23. f5 {[%clk 0:02:10]} Qb6+
{[%clk 0:02:11]} 24. Kh1 {[%clk 0:02:11]} Ng7 {[%clk 0:02:04]} 25. Rg1
{[%clk 0:02:10]} Qe3 {[%clk 0:02:00]} 26. Rde1 {[%clk 0:02:02]} Qf4
{[%clk 0:01:58]} 27. Ref1 {[%clk 0:01:55]} Qxh4 {[%clk 0:01:55]} 28. Rf3
{[%clk 0:01:47]} Re5 {[%clk 0:01:51]} 29. Rg3 {[%clk 0:01:39]} Kh7
{[%clk 0:01:46]} 30. Bf3 {[%clk 0:01:40]} Ne8 {[%clk 0:01:46]} 31. Qg2
{[%clk 0:01:39]} Nf6 {[%clk 0:01:38]} 32. Rg7+ {[%clk 0:01:33]} Kh8
{[%clk 0:01:34]} 33. Rh7+ {[%clk 0:01:32]} 1-0

[Event "Team Championship (men blitz)"]
[Site "Sochi"]
[Date "2017.10.05"]
[Round "3.23"]
[White "Jary, Sergey"]
[Black "Lugovskoy, Maxim"]
[Result "0-1"]
[LiveChessVersion "1.4.8"]
[BlackElo "2512"]
[WhiteElo "2333"]

1. d4 {[%clk 0:03:04]} d5 {[%clk 0:03:04]} 2. Nf3 {[%clk 0:03:05]} Nf6
{[%clk 0:03:05]} 3. g3 {[%clk 0:03:07]} e6 {[%clk 0:03:04]} 4. Bg2 Be7 5. O-O
{[%clk 0:03:08]} O-O {[%clk 0:03:07]} 6. Bg5 {[%clk 0:03:10]} c5 {[%clk 0:03:06]}
7. c3 {[%clk 0:03:11]} Nc6 {[%clk 0:03:08]} 8. Qb3 {[%clk 0:03:10]} b6
{[%clk 0:02:58]} 9. Nbd2 {[%clk 0:03:11]} a5 {[%clk 0:02:58]} 10. Rfe1
{[%clk 0:03:10]} Bb7 {[%clk 0:02:47]} 11. Ne5 {[%clk 0:02:47]} a4
{[%clk 0:02:46]} 12. Qc2 {[%clk 0:02:42]} Nxe5 {[%clk 0:02:37]} 13. dxe5
{[%clk 0:02:43]} Nd7 {[%clk 0:02:37]} 14. Bxe7 {[%clk 0:02:42]} Qxe7
{[%clk 0:02:38]} 15. f4 {[%clk 0:02:44]} b5 {[%clk 0:02:30]} 16. Rad1
{[%clk 0:02:37]} Nb6 {[%clk 0:02:31]} 17. Nf1 {[%clk 0:02:21]} Rfd8
{[%clk 0:02:30]} 18. e3 {[%clk 0:02:17]} Rac8 {[%clk 0:02:29]} 19. Qf2
{[%clk 0:02:16]} b4 {[%clk 0:02:25]} 20. g4 {[%clk 0:02:15]} a3 {[%clk 0:02:24]}
21. cxb4 {[%clk 0:02:12]} cxb4 {[%clk 0:02:25]} 22. b3 {[%clk 0:02:10]} Rc3
{[%clk 0:02:19]} 23. Rd4 {[%clk 0:01:49]} Rdc8 {[%clk 0:02:19]} 24. Red1
{[%clk 0:01:50]} Ba6 {[%clk 0:02:14]} 25. Ng3 {[%clk 0:01:48]} Rc2
{[%clk 0:02:14]} 26. R4d2 {[%clk 0:01:46]} Rxd2 {[%clk 0:02:12]} 27. Qxd2
{[%clk 0:01:44]} Rc3 {[%clk 0:02:12]} 28. Bf1 {[%clk 0:01:43]} Bxf1
{[%clk 0:02:10]} 29. Kxf1 {[%clk 0:01:38]} Qc5 {[%clk 0:02:11]} 30. Qd4
{[%clk 0:01:34]} g6 {[%clk 0:01:51]} 31. Ne2 {[%clk 0:01:30]} Qxd4
{[%clk 0:01:45]} 32. Rxd4 {[%clk 0:01:31]} Rc2 {[%clk 0:01:31]} 33. Rxb4
{[%clk 0:01:24]} Nd7 {[%clk 0:01:32]} 34. Ra4 {[%clk 0:01:21]} Rxa2
{[%clk 0:01:28]} 35. b4 {[%clk 0:01:22]} Nb6 {[%clk 0:01:27]} 36. Ra6
{[%clk 0:01:18]} Nc4 {[%clk 0:01:28]} 37. Kf2 {[%clk 0:01:11]} Rb2
{[%clk 0:01:29]} 38. b5 {[%clk 0:01:05]} Rxb5 {[%clk 0:01:28]} 39. f5
{[%clk 0:01:03]} gxf5 {[%clk 0:01:14]} 40. gxf5 {[%clk 0:01:04]} Kg7
{[%clk 0:01:15]} 41. fxe6 {[%clk 0:01:01]} fxe6 {[%clk 0:01:16]} 42. Nf4
{[%clk 0:01:00]} Ra5 {[%clk 0:01:10]} 43. Nxe6+ {[%clk 0:00:52]} Kf7
{[%clk 0:01:09]} 44. Rxa5 {[%clk 0:00:50]} Nxa5 {[%clk 0:01:09]} 45. Nd4
{[%clk 0:00:50]} a2 {[%clk 0:01:05]} 46. Nc2 {[%clk 0:00:51]} Ke6
{[%clk 0:01:03]} 47. Na1 {[%clk 0:00:48]} Kxe5 {[%clk 0:01:03]} 48. Ke2
{[%clk 0:00:49]} Ke4 {[%clk 0:01:00]} 49. Kd2 {[%clk 0:00:50]} h5
{[%clk 0:00:59]} 50. Kc3 {[%clk 0:00:47]} Kxe3 {[%clk 0:00:57]} 51. Nc2+
{[%clk 0:00:49]} Ke4 {[%clk 0:00:47]} 52. Kb2 {[%clk 0:00:50]} d4
{[%clk 0:00:45]} 0-1

[Event "Team Championship (men blitz)"]
[Site "Sochi"]
[Date "2017.10.05"]
[Round "3.24"]
[White "Krylov, Mikhail"]
[Black "Linker, Mikhail"]
[Result "1-0"]
[LiveChessVersion "1.4.8"]
[BlackElo "2268"]
[WhiteElo "2494"]

1. d4 {[%clk 0:03:03]} Nf6 {[%clk 0:03:03]} 2. c4 {[%clk 0:03:04]} g6
{[%clk 0:03:03]} 3. Nc3 {[%clk 0:03:05]} d5 {[%clk 0:03:04]} 4. cxd5
{[%clk 0:03:06]} Nxd5 {[%clk 0:03:05]} 5. e4 {[%clk 0:03:07]} Nxc3
{[%clk 0:03:05]} 6. bxc3 {[%clk 0:03:08]} Bg7 {[%clk 0:03:06]} 7. Nf3
{[%clk 0:03:09]} c5 {[%clk 0:03:05]} 8. Rb1 {[%clk 0:03:09]} O-O {[%clk 0:02:53]}
9. Be2 {[%clk 0:03:10]} Nc6 {[%clk 0:02:53]} 10. d5 {[%clk 0:03:08]} Ne5
{[%clk 0:02:49]} 11. Nxe5 {[%clk 0:03:08]} Bxe5 {[%clk 0:02:50]} 12. Qd2
{[%clk 0:03:08]} e6 {[%clk 0:02:38]} 13. f4 {[%clk 0:03:07]} Bc7 {[%clk 0:02:38]}
14. O-O {[%clk 0:03:06]} exd5 {[%clk 0:02:37]} 15. exd5 {[%clk 0:03:06]} Qd6
{[%clk 0:02:21]} 16. c4 {[%clk 0:02:59]} Re8 {[%clk 0:02:04]} 17. Bb2
{[%clk 0:02:44]} Bf5 {[%clk 0:02:01]} 18. Bd3 {[%clk 0:02:26]} Bxd3
{[%clk 0:01:45]} 19. Qxd3 {[%clk 0:02:27]} f6 {[%clk 0:01:41]} 20. g3
{[%clk 0:02:04]} Re7 {[%clk 0:01:27]} 21. f5 {[%clk 0:01:52]} g5 {[%clk 0:01:25]}
22. Rbe1 {[%clk 0:01:36]} Rae8 {[%clk 0:01:26]} 23. Re6 {[%clk 0:01:35]} Rxe6
{[%clk 0:01:16]} 24. fxe6 {[%clk 0:01:36]} Rxe6 {[%clk 0:01:17]} 25. Qf5
{[%clk 0:01:38]} Re2 {[%clk 0:01:12]} 26. Bxf6 {[%clk 0:01:38]} Re5
{[%clk 0:00:38]} 27. Qc8+ {[%clk 0:01:29]} 1-0